|
|
|
|
| LEADER |
01572nam a2200409 a 4500 |
| 001 |
EBC843644 |
| 003 |
MiAaPQ |
| 005 |
20200520144314.0 |
| 006 |
m o d | |
| 007 |
cr cn||||||||| |
| 008 |
120510s2013 njua sb 001 0 eng d |
| 010 |
|
|
|z 2012017196
|
| 020 |
|
|
|z 9781118209547 (cloth)
|
| 020 |
|
|
|a 9781118228692 (electronic bk.)
|
| 035 |
|
|
|a (MiAaPQ)EBC843644
|
| 035 |
|
|
|a (Au-PeEL)EBL843644
|
| 035 |
|
|
|a (CaPaEBR)ebr10593199
|
| 035 |
|
|
|a (CaONFJC)MIL390510
|
| 035 |
|
|
|a (OCoLC)793497233
|
| 040 |
|
|
|a MiAaPQ
|c MiAaPQ
|d MiAaPQ
|
| 050 |
|
4 |
|a HG179.5
|b .P353 2013
|
| 082 |
0 |
4 |
|a 332.6068
|2 23
|
| 100 |
1 |
|
|a Palaveev, Philip,
|d 1973-
|
| 245 |
1 |
4 |
|a The ensemble practice
|h [electronic resource] :
|b a team-based approach to building a superior wealth management firm /
|c Philip Palaveev.
|
| 260 |
|
|
|a Hoboken, N.J. :
|b Wiley,
|c c2013.
|
| 300 |
|
|
|a xvi, 224 p. :
|b col. ill.
|
| 440 |
|
0 |
|a Bloomberg financial series
|
| 504 |
|
|
|a Includes bibliographical references and index.
|
| 505 |
0 |
|
|a pt. 1. Structuring an ensemble -- pt. 2. Managing an ensemble -- pt. 3. What happens next.
|
| 533 |
|
|
|a Electronic reproduction. Ann Arbor, MI : ProQuest, 2015. Available via World Wide Web. Access may be limited to ProQuest affiliated libraries.
|
| 650 |
|
0 |
|a Financial planners.
|
| 650 |
|
0 |
|a Investment advisors.
|
| 650 |
|
0 |
|a Financial services industry.
|
| 650 |
|
0 |
|a Partnership.
|
| 655 |
|
4 |
|a Electronic books.
|
| 710 |
2 |
|
|a ProQuest (Firm)
|
| 856 |
4 |
0 |
|u https://ebookcentral.proquest.com/lib/matrademy/detail.action?docID=843644
|z Click to View
|